Herodes. I, Dokud mi nepožehnáš /
První díl románové trilogie o rozporuplném vládci a válečníkovi Herodu Velikém (73-4 př. Kr.)
Uloženo v:
| Série: | Herodes,
část 1 |
|---|---|
| Hlavní autor: | |
| Médium: | E-kniha |
| Jazyk: | Czech |
| Vydáno: |
V Praze :
Vyšehrad,
2025
|
| Vydání: | Vydání první |
| Témata: | |
| Příbuzné jednotky: | Z cyklu::
Herodes |
| Tagy: |
Žádné tagy |
| LEADER | 03087nam a2200601 i 4500 | ||
|---|---|---|---|
| 001 | 312700 | ||
| 003 | CZ PrSKC | ||
| 005 | 20260601215727.0 | ||
| 007 | ta | ||
| 008 | 250423s2025 xr g 000 fbcze | ||
| 015 | |a cnb003682217 | ||
| 020 | |a 9788026731511 |q (vázáno) : |c Kč 399,00 | ||
| 035 | |a (OCoLC)1527577030 | ||
| 040 | |a ABG001 |b cze |d OLA001 |d ABA001 |e rda | ||
| 043 | |a a-is--- | ||
| 045 | |a d9d9 | ||
| 072 | 7 | |a 821.162.3-3 |x Česká próza |2 Konspekt | |
| 072 | 7 | |a 929 |x Biografie |2 Konspekt | |
| 080 | |a 821.162.3-31 |2 MRF | ||
| 080 | |a 929.731 |2 MRF | ||
| 080 | |a 929 |2 MRF | ||
| 080 | |a (33) |2 MRF | ||
| 080 | |a (0:82-312.6) |2 MRF | ||
| 080 | |a (0:82-311.6) |2 MRF | ||
| 100 | 1 | |a Horníček, Jan, |d 1989- |7 xx0251614 |4 aut | |
| 245 | 1 | 0 | |a Herodes. |n I, |p Dokud mi nepožehnáš / |c Jan Horníček |
| 246 | 3 | 0 | |a Dokud mi nepožehnáš |
| 250 | |a Vydání první | ||
| 264 | 1 | |a V Praze : |b Vyšehrad, |c 2025 | |
| 300 | |a 283 stran ; |c 21 cm | ||
| 336 | |a text |b txt |2 rdacontent | ||
| 337 | |a bez média |b n |2 rdamedia | ||
| 338 | |a svazek |b nc |2 rdacarrier | ||
| 500 | |a Terminologický slovník | ||
| 520 | 2 | |a První díl románové trilogie o rozporuplném vládci a válečníkovi Herodu Velikém (73-4 př. Kr.) |b Vynikající válečník a diplomat, který dokázal udržet mír v oblastech, kde před ním i po něm panovaly nekončící občanské války a na něž si činilo nároky hned několik mocností. Bývá považován za největšího stavitele starověku (Herodeion, Masada, přístav a vlnolam v Caesareji, jeruzalémský Chrám), ale též za despotu, tyrana a paranoidního psychopata, který nechal postupně popravit úředníky podílející se na vládě, milovanou manželku i své tři syny. V Bibli je Herodes zmiňován vzhledem k proroctví jako vrah dětí. Autor vychází z antických pramenů i z bohaté sekundární literatury. Nakladatelská anotace. | |
| 546 | |a Český text | ||
| 600 | 0 | 7 | |a Herodes Veliký, |c judský král, |d asi 73 př. Kr.-4 př. Kr. |7 jn20000700699 |2 czenas |
| 648 | 7 | |a 1. století př. Kr. |7 ch460499 |2 czenas | |
| 650 | 0 | 7 | |a panovníci |7 ph117250 |z Judea |y 1. století př. Kr. |2 czenas |
| 650 | 0 | 9 | |a kings and rulers |z Judea |y 1st century B.C. |2 eczenas |
| 655 | 7 | |a české romány |7 fd133974 |2 czenas | |
| 655 | 7 | |a biografické romány |7 fd131905 |2 czenas | |
| 655 | 7 | |a historické romány |7 fd132414 |2 czenas | |
| 655 | 9 | |a Czech fiction |2 eczenas | |
| 655 | 9 | |a biographical novels |2 eczenas | |
| 655 | 9 | |a historical novels |2 eczenas | |
| 787 | 0 | 8 | |i Z cyklu: |t Herodes |g 1 |
| 900 | |a ABA001 |b 20 | ||
| 928 | 9 | |a Albatros Media - Vyšehrad | |
| 044 | |a xr | ||
| 910 | |a RBIT002 | ||
| 998 | |d 419951 |a https://core.palmknihy.cz/api/books/419951/cover?sviz79 |b https://core.palmknihy.cz/api/books/419951/cover/400?sviz79 |c https://core.palmknihy.cz/api/books/419951/cover/50?sviz79 |e 2035-12-31 |g 288 |i 9788026731511 |j https://core.palmknihy.cz/api/books/419951/preview.epub |k https://core.palmknihy.cz/api/books/419951/preview.pdf |l |q 49 |r 1 |s https://www.palmknihy.cz/kniha/419951 |t ebook |y 2025 |z 0 |v Herodes |w 1 | ||
| 999 | |d 312698 | ||